| 000 | 00705nam a2200229Ia 4500 | ||
|---|---|---|---|
| 003 | GCL | ||
| 008 | 140319s9999 xx 000 0 ara d | ||
| 040 |
_aGCL / _cGCL |
||
| 082 | 0 | 4 |
_a792.027 _bك ف |
| 100 | 1 | _aكيهو , فنسنت ج.ر | |
| 245 | 1 | 0 |
_aفن الماكياج للسينما والتليفزيون / _cكيهو , فنسنت ج.ر |
| 700 | 1 | _aوديد محمد سرى | |
| 700 | 1 | _aثريا حمدان | |
| 300 | _a318 ص | ||
| 490 |
_aالهيئة العامة للاستعلامات _v0 |
||
| 650 | 0 | 4 | _aالمسرح |
| 650 | 0 | 4 | _aالتليفزيون |
| 650 | 0 | 4 | _aمستحضرات التجميل |
| 650 | 0 | 4 | _aالسينما |
| 650 | 0 | 4 | _aالماكياج |
| 942 |
_2ddc _cBK |
||
| 999 |
_c49942 _d49942 |
||